[Event "LTU-ch rapid op"]
[Site "Panevezys"]
[Date "2017.08.26"]
[Round "2"]
[White "Ziogaite, Jovita"]
[Black "Kovalenko, Igor"]
[Result "0-1"]
[WhiteElo "2063"]
[BlackElo "2640"]
[PlyCount "54"]
[EventDate "2017.08.26"]
[EventType "swiss (rapid)"]
[EventRounds "11"]
[EventCountry "LTU"]
[SourceTitle "CBM 180 Extra"]
[Source "ChessBase"]
[SourceDate "2017.10.06"]
[SourceVersion "1"]
[SourceVersionDate "2017.10.06"]
[SourceQuality "1"]

1. e4 c5 2. d3 Nc6 3. g3 g6 4. Bg2 Bg7 5. c3 d6 6. Nf3 e5 7. 0-0 Nge7 8. Re1 0-0 9. Nbd2 h6 10. Nf1 b5 11. a3 a5 12. Be3 a4 13. d4 cxd4 14. cxd4 Bg4 15. d5 Nd4 16. Bxd4 exd4 17. Qd3 Qb6 18. Nh4 Rfc8 19. f4 b4 20. Kh1 bxa3 21. Qxa3 Rc2 22. e5 Rxg2 23. Qxd6 Qxb2 24. Qxe7 Bh3 25. e6 Qf2 26. Qxf7+ Kh8 27. Nxg6+ Kh7 0-1

[Event "LTU-chT (Women)"]
[Site "Lithuania"]
[Date "2013.02.09"]
[Round "3"]
[White "Juciute, Henrieta"]
[Black "Ziogaite, Jovita"]
[Result "0-1"]
[WhiteElo "1858"]
[BlackElo "2058"]
[PlyCount "74"]
[EventDate "2013.01.19"]
[EventType "team-tourn"]
[EventRounds "7"]
[EventCountry "LTU"]
[SourceTitle "CBM 152 Extra"]
[Source "ChessBase"]
[SourceDate "2013.02.25"]
[SourceVersion "1"]
[SourceVersionDate "2013.02.25"]
[SourceQuality "1"]

1. e4 c5 2. Nf3 Nc6 3. Bb5 Na5 4. c3 a6 5. Ba4 b5 6. Bc2 Bb7 7. d4 cxd4 8. Nxd4 e6 9. 0-0 Nf6 10. Qe2 Qc7 11. h3 Rc8 12. a4 b4 13. cxb4 Bxb4 14. Bd2 Bd6 15. Nc3 Nc4 16. Bd3 Be5 17. Bxc4 Qxc4 18. Qxc4 Rxc4 19. Nf3 Bxc3 20. Bxc3 Nxe4 21. Bxg7 Rg8 22. Bh6 Nf6 23. Kh2 Rc5 24. Ra3 Rh5 25. Bc1 Ng4+ 26. Kh1 Ke7 27. b4 Ne5 28. Bg5+ f6 29. Nxe5 Rhxg5 30. Ng4 f5 31. Ne3 f4 32. Rg1 fxe3 33. Rxe3 Rxg2 34. Rxg2 Rxg2 35. f3 Rf2 36. b5 axb5 37. axb5 Rxf3 0-1

[Event "Olympiad Women-40"]
[Site "Istanbul"]
[Date "2012.09.07"]
[Round "10.3"]
[White "Ziogaite, Jovita"]
[Black "Berzina, Ilze"]
[Result "0-1"]
[WhiteElo "2052"]
[BlackElo "2306"]
[PlyCount "116"]
[EventDate "2012.08.28"]
[EventType "team-swiss"]
[EventRounds "11"]
[EventCountry "TUR"]
[SourceTitle "CBM 150 Extra"]
[Source "ChessBase"]
[SourceDate "2012.10.19"]
[SourceVersion "1"]
[SourceVersionDate "2012.10.19"]
[SourceQuality "1"]
[WhiteTeam "Lithuania (W)"]
[BlackTeam "Latvia (W)"]
[WhiteTeamCountry "LTU"]
[BlackTeamCountry "LAT"]

1. e4 e5 2. Nf3 Nc6 3. Nc3 Nf6 4. d4 exd4 5. Nxd4 Bb4 6. Nxc6 bxc6 7. Bd3 d5 8. exd5 cxd5 9. 0-0 0-0 10. Bg5 c6 11. Ne2 h6 12. Bh4 Bd6 13. Nd4 c5 14. Nb5 Be7 15. Qf3 Bg4 16. Qf4 Qd7 17. h3 Be6 18. Rad1 Rab8 19. c4 d4 20. b3 a6 21. Na3 Qc6 22. Qd2 Bc8 23. Rfe1 Bb7 24. f3 Qd6 25. Qf2 Rbe8 26. Bg3 Qd7 27. Be5 Nh5 28. g4 Nf6 29. Nb1 Nh7 30. h4 Qd8 31. Bg3 Bc8 32. Re5 f5 33. gxf5 Bd6 34. Rd5 Bxg3 35. Qxg3 Qe7 36. f4 Nf6 37. Re5 Qc7 38. Rde1 Bb7 39. Nd2 Nh5 40. Qg4 Nf6 41. Qg6 Bc6 42. R1e2 Rf7 43. Ne4 Bxe4 44. Bxe4 Rfe7 45. Qg3 Kh8 46. Bd3 h5 47. Qe1 Rxe5 48. fxe5 Ng4 49. e6 Qf4 50. Rg2 Ne5 51. Be4 d3 52. Rg5 d2 53. Qd1 Ng4 54. Rxh5+ Kg8 55. Bg2 Qe3+ 56. Kh1 Nf2+ 57. Kh2 Nxd1 58. e7 Kf7 0-1

[Event "Olympiad Women-40"]
[Site "Istanbul"]
[Date "2012.09.03"]
[Round "6.3"]
[White "Ziogaite, Jovita"]
[Black "Nazarova, Anastasia"]
[Result "1-0"]
[WhiteElo "2052"]
[BlackElo "1693"]
[PlyCount "91"]
[EventDate "2012.08.28"]
[EventType "team-swiss"]
[EventRounds "11"]
[EventCountry "TUR"]
[SourceTitle "CBM 150 Extra"]
[Source "ChessBase"]
[SourceDate "2012.10.19"]
[SourceVersion "1"]
[SourceVersionDate "2012.10.19"]
[SourceQuality "1"]
[WhiteTeam "Lithuania (W)"]
[BlackTeam "Finland (W)"]
[WhiteTeamCountry "LTU"]
[BlackTeamCountry "FIN"]

1. e4 c5 2. Nf3 g6 3. d4 cxd4 4. Nxd4 Nc6 5. Nc3 Bg7 6. Be3 Nf6 7. Nxc6 bxc6 8. e5 Ng8 9. Bd4 Nh6 10. e6 Nf5 11. Bxg7 Nxg7 12. exf7+ Kxf7 13. Qf3+ Ke8 14. Bc4 Rf8 15. Qh3 Qb6 16. 0-0 Qxb2 17. Bb3 d6 18. Qd3 Qa3 19. Ne4 Kd8 20. Qc3 Ne8 21. Qxc6 Nc7 22. Ba4 Rb8 23. Rab1 Rxb1 24. Rxb1 Qxa2 25. Rd1 Ne8 26. c4 Qb2 27. Bb5 Qc2 28. Rf1 Qb2 29. h3 Qd4 30. c5 d5 31. Ng5 Nc7 32. Nxh7 Rf7 33. Ng5 Rf6 34. Nf7+ Rxf7 35. Qxg6 Rg7 36. Qh5 Qxc5 37. Qh8+ Ne8 38. Bxe8 Qd4 39. Bg6+ Kc7 40. Rc1+ Kd6 41. Qxc8 Qh4 42. Bf5 Ke5 43. Qe6+ Kf4 44. Bg4 Kg5 45. f4+ Kxf4 46. Rf1+ 1-0

[Event "Olympiad Women-40"]
[Site "Istanbul"]
[Date "2012.09.01"]
[Round "5.3"]
[White "Ziogaite, Jovita"]
[Black "Latreche, Sabrina"]
[Result "1/2-1/2"]
[WhiteElo "2052"]
[BlackElo "1949"]
[PlyCount "162"]
[EventDate "2012.08.28"]
[EventType "team-swiss"]
[EventRounds "11"]
[EventCountry "TUR"]
[SourceTitle "CBM 150 Extra"]
[Source "ChessBase"]
[SourceDate "2012.10.19"]
[SourceVersion "1"]
[SourceVersionDate "2012.10.19"]
[SourceQuality "1"]
[WhiteTeam "Lithuania (W)"]
[BlackTeam "Algeria (W)"]
[WhiteTeamCountry "LTU"]
[BlackTeamCountry "ALG"]

1. e4 e5 2. Nf3 Nc6 3. Bc4 Bc5 4. 0-0 Nf6 5. d4 Bxd4 6. Nxd4 Nxd4 7. f4 d6 8. fxe5 dxe5 9. Bg5 Be6 10. Na3 Qe7 11. c3 Nc6 12. Kh1 Bxc4 13. Bxf6 gxf6 14. Nxc4 Qe6 15. Ne3 Ne7 16. Ng4 f5 17. exf5 Qd6 18. Qa4+ Qc6 19. Nf6+ Kf8 20. Qh4 Ng8 21. Qb4+ Ne7 22. Ng4 a5 23. Qa3 Rg8 24. f6 Rxg4 25. fxe7+ Ke8 26. Rf2 Qd6 27. Qb3 Qxe7 28. Raf1 Rg7 29. Qxb7 Rd8 30. Qb5+ Kf8 31. Qxa5 e4 32. Qf5 Kg8 33. Re2 e3 34. Qh3 Rg6 35. Rxe3 Qf6 36. Qf3 Rd2 37. Qa8+ Kg7 38. Ref3 Qe6 39. Rxf7+ Qxf7 40. Rxf7+ Kxf7 41. h3 Rxb2 42. a4 Rbb6 43. Qc8 Rbc6 44. Qd7+ Kg8 45. a5 Rgd6 46. Qe8+ Kg7 47. Kh2 Rf6 48. Qe7+ Kg8 49. c4 Rfe6 50. Qd8+ Kg7 51. Qd7+ Kg8 52. g4 Red6 53. Qe8+ Kg7 54. Qe5+ Kg8 55. c5 Re6 56. Qd5 Kg7 57. Kg3 Ra6 58. Qd7+ Kg8 59. Qxc7 Rac6 60. Qd8+ Kg7 61. Qd7+ Kg8 62. Kf4 Rg6 63. Ke5 Rxc5+ 64. Kd4 Rcc6 65. Kd5 Ra6 66. Kc4 Raf6 67. Qd5+ Kg7 68. Kb5 h6 69. h4 Kh7 70. Qe4 Re6 71. Qf5 Ref6 72. Qd7+ Kg8 73. Kc5 Ra6 74. Qd8+ Kg7 75. g5 hxg5 76. h5 Rgf6 77. Kb5 Rae6 78. Kc4 Ra6 79. Kb5 Rae6 80. Kc4 Ra6 81. Kb5 Rae6 1/2-1/2

[Event "LTU-ch (Women)"]
[Site "Vilnius"]
[Date "2012.04.27"]
[Round "6.2"]
[White "Ziogaite, Jovita"]
[Black "Malisauskiene, Marina"]
[Result "1-0"]
[WhiteElo "2086"]
[BlackElo "2050"]
[PlyCount "109"]
[EventDate "2012.04.22"]
[EventType "tourn"]
[EventRounds "11"]
[EventCountry "LTU"]
[SourceTitle "CBM 148 Extra"]
[Source "ChessBase"]
[SourceDate "2012.06.22"]
[SourceVersion "1"]
[SourceVersionDate "2012.06.22"]
[SourceQuality "1"]

1. e4 e6 2. d3 d5 3. Nd2 c5 4. Ngf3 Nc6 5. g3 g6 6. Bg2 Bg7 7. 0-0 Nge7 8. c3 0-0 9. Re1 b6 10. e5 Qc7 11. Qe2 a5 12. Nf1 Ba6 13. Bf4 Rac8 14. h4 Rfd8 15. N1h2 b5 16. Ng4 Kh8 17. Nf6 Ng8 18. h5 Qa7 19. Nxg8 Kxg8 20. hxg6 fxg6 21. Ng5 Re8 22. Qg4 Nd8 23. Nf3 Rc6 24. Kh2 Qf7 25. Nh4 c4 26. d4 Bc8 27. Bf3 Bd7 28. Bd1 b4 29. Re2 bxc3 30. bxc3 Rb6 31. Bc2 Nc6 32. Nxg6 Reb8 33. Nh4 Ne7 34. Nf3 Nf5 35. Kg2 Rb2 36. Bc1 R2b6 37. Qh3 h5 38. Ng5 Qg6 39. Bf4 Rb2 40. Rh1 Be8 41. Bc1 Rxc2 42. Rxc2 Nh4+ 43. Qxh4 Qxc2 44. Nxe6 Bg6 45. Nc5 Rf8 46. Be3 Bh6 47. Bf4 Bxf4 48. gxf4 Be4+ 49. Nxe4 Qxe4+ 50. Kg3 Qd3+ 51. Kh2 Qf3 52. Qg3+ Qxg3+ 53. Kxg3 Rb8 54. Rxh5 Rb2 55. e6 1-0

[Event "LTU-ch sf"]
[Site "Vilnius"]
[Date "2012.02.20"]
[Round "3"]
[White "Ziogaite, Jovita"]
[Black "Ceponis, Tadas"]
[Result "1-0"]
[WhiteElo "2086"]
[BlackElo "1785"]
[PlyCount "59"]
[EventDate "2012.02.19"]
[EventType "swiss"]
[EventRounds "8"]
[EventCountry "LTU"]
[SourceTitle "CBM 147 Extra"]
[Source "ChessBase"]
[SourceDate "2012.04.24"]
[SourceVersion "1"]
[SourceVersionDate "2012.04.24"]
[SourceQuality "1"]

1. e4 c5 2. g3 g6 3. Bg2 Bg7 4. d3 d6 5. c3 Nc6 6. f4 e6 7. Nf3 Nge7 8. 0-0 0-0 9. Kh1 f5 10. Be3 c4 11. exf5 Nxf5 12. Bf2 cxd3 13. Qxd3 Bd7 14. Nbd2 d5 15. Rae1 Re8 16. Ng5 h6 17. Ngf3 b5 18. g4 Nfe7 19. Nh4 b4 20. Nxg6 Nxg6 21. Qxg6 Ne7 22. Qh5 bxc3 23. bxc3 Bxc3 24. Qxh6 Bg7 25. Qh5 Bb5 26. Rg1 Qa5 27. Nf3 Nc6 28. Ng5 Nd4 29. Qh7+ Kf8 30. Bxd4 1-0

[Event "LTU-chT (Women)"]
[Site "Lithuania"]
[Date "2012.02.11"]
[Round "2"]
[White "Ziogaite, Jovita"]
[Black "Karsokaite, Irena"]
[Result "1-0"]
[WhiteElo "2086"]
[BlackElo "1639"]
[PlyCount "39"]
[EventDate "2012.01.21"]
[EventType "team-tourn"]
[EventRounds "5"]
[EventCountry "LTU"]
[SourceTitle "EXT 2013"]
[Source "ChessBase"]
[SourceDate "2012.11.22"]
[SourceVersion "1"]
[SourceVersionDate "2012.11.22"]
[SourceQuality "1"]

1. e4 c5 2. Nf3 Nc6 3. d4 cxd4 4. Nxd4 g6 5. Nxc6 bxc6 6. Qd4 f6 7. Bc4 e5 8. Qd3 Ne7 9. Nc3 Bb7 10. 0-0 Bg7 11. f4 exf4 12. Bxf4 f5 13. exf5 d5 14. Bb3 Nxf5 15. Rae1+ Kf7 16. g4 Qb6+ 17. Be3 Qb4 18. gxf5 gxf5 19. Qxf5+ Kg8 20. Qf7# 1-0

[Event "Klaipeda Sea op 07th"]
[Site "Klaipeda"]
[Date "2010.07.30"]
[Round "8"]
[White "Rimeikis, Andrius"]
[Black "Ziogaite, Jovita"]
[Result "1-0"]
[WhiteElo "2058"]
[BlackElo "2090"]
[PlyCount "111"]
[EventDate "2010.07.26"]
[EventType "swiss"]
[EventRounds "9"]
[EventCountry "LTU"]
[SourceTitle "EXT 2012"]
[Source "ChessBase"]
[SourceDate "2011.11.24"]
[SourceVersion "1"]
[SourceVersionDate "2011.11.24"]
[SourceQuality "1"]

1. e4 c5 2. Nf3 Nc6 3. Bb5 Na5 4. c3 a6 5. Ba4 b5 6. Bc2 d5 7. e5 c4 8. h3 g6 9. d4 cxd3 10. Bxd3 Nc6 11. 0-0 Bg7 12. Re1 f6 13. Bf4 fxe5 14. Nxe5 Nxe5 15. Bxe5 Nf6 16. a4 b4 17. cxb4 0-0 18. Nc3 Kh8 19. Qe2 Bb7 20. Bd4 Rf7 21. Qe6 Qf8 22. Bc5 Qg8 23. a5 Rc8 24. Rad1 Rc6 25. Qe2 e5 26. Bb1 Re6 27. Bc2 Rd7 28. Ba4 Rf7 29. Bb3 Qa8 30. f3 Rd7 31. Bf2 Nh5 32. Na4 Nf4 33. Qc2 Ree7 34. Nb6 Qf8 35. Nxd7 Rxd7 36. Bc5 Qf6 37. Be3 Ne6 38. Ba4 Rf7 39. Bb3 Rd7 40. Ba4 Rd8 41. b5 d4 42. Bc1 Rc8 43. Qe2 Nc5 44. bxa6 Bxa6 45. Bb5 Bb7 46. b4 Nb3 47. Bd3 Bf8 48. a6 Ba8 49. Ba3 Bd6 50. Be4 Qf4 51. Qb2 Rc3 52. a7 Qg3 53. Qf2 Qxf2+ 54. Kxf2 Rc8 55. Bxa8 Rxa8 56. Rd3 1-0

[Event "Olympiad Women-38"]
[Site "Dresden"]
[Date "2008.11.20"]
[Round "7"]
[White "Ziogaite, Jovita"]
[Black "Richtrova, Eliska"]
[Result "0-1"]
[WhiteElo "2093"]
[BlackElo "2270"]
[PlyCount "82"]
[EventDate "2008.11.13"]
[EventType "team-swiss"]
[EventRounds "11"]
[EventCountry "GER"]
[SourceTitle "CBM 128"]
[Source "ChessBase"]
[SourceDate "2009.01.28"]
[SourceVersion "1"]
[SourceVersionDate "2009.01.28"]
[SourceQuality "1"]
[WhiteTeam "Lithuania (W)"]
[BlackTeam "Czech Republic (W)"]
[WhiteTeamCountry "LTU"]
[BlackTeamCountry "CZE"]

1. e4 c6 2. d4 g6 3. Nc3 Bg7 4. Be3 d6 5. Qd2 b5 6. 0-0-0 Qa5 7. Kb1 b4 8. Nce2 Nd7 9. Nc1 Rb8 10. h4 h5 11. Nf3 Ngf6 12. Ng5 0-0 13. f3 c5 14. g4 cxd4 15. Bxd4 Ne5 16. gxh5 Nxh5 17. f4 Nc6 18. Bxg7 Kxg7 19. Nb3 Qb6 20. Bc4 a5 21. Rhg1 a4 22. Nc1 Bd7 23. Nxf7 Rxf7 24. Rxg6+ Kxg6 25. f5+ Kh7 26. Bxf7 Be8 27. Bg6+ Bxg6 28. fxg6+ Kg7 29. Qg5 Rh8 30. Nd3 Qd4 31. Rf1 Nf6 32. Re1 Rh5 33. Qg3 Nxe4 34. Qg2 Rxh4 35. Rf1 b3 36. Rf7+ Kg8 37. g7 bxc2+ 38. Kc1 Rh1+ 39. Qxh1 Kxf7 40. Qh6 Qg1+ 41. Kxc2 Nd4# 0-1

[Event "Olympiad Women-38"]
[Site "Dresden"]
[Date "2008.11.17"]
[Round "5"]
[White "Bhatia, Kanwal K"]
[Black "Ziogaite, Jovita"]
[Result "1-0"]
[WhiteElo "2065"]
[BlackElo "2093"]
[PlyCount "69"]
[EventDate "2008.11.13"]
[EventType "team-swiss"]
[EventRounds "11"]
[EventCountry "GER"]
[SourceTitle "CBM 128"]
[Source "ChessBase"]
[SourceDate "2009.01.28"]
[SourceVersion "1"]
[SourceVersionDate "2009.01.28"]
[SourceQuality "1"]
[WhiteTeam "England (W)"]
[BlackTeam "Lithuania (W)"]
[WhiteTeamCountry "ENG"]
[BlackTeamCountry "LTU"]

1. e4 c5 2. c3 Nf6 3. e5 Nd5 4. d4 cxd4 5. Nf3 Nc6 6. cxd4 d6 7. Bc4 Nb6 8. Bb3 dxe5 9. d5 Na5 10. Nc3 Nxb3 11. Qxb3 e6 12. Nxe5 exd5 13. Be3 Bd6 14. Qb5+ Kf8 15. Nf3 Be6 16. 0-0 Nc4 17. Bd4 b6 18. Rad1 a6 19. Qb3 b5 20. Ne2 Rc8 21. Qd3 Qd7 22. b3 Bf5 23. Qc3 Ne5 24. Nxe5 Bxe5 25. Qa5 Qd6 26. Bxe5 Qxe5 27. Nd4 Bg4 28. Qxa6 g6 29. f3 Bf5 30. Rfe1 Qf4 31. Qf6 Kg8 32. Re7 Rf8 33. Rde1 Qd2 34. Re8 Qb4 35. Nxf5 1-0

[Event "WMSG Blitz Team 1st (Women)"]
[Site "Beijing"]
[Date "2008.10.13"]
[Round "9"]
[White "Ziogaite, Jovita"]
[Black "Enkhtuul, Altanulzii"]
[Result "0-1"]
[WhiteElo "2093"]
[BlackElo "1977"]
[PlyCount "73"]
[EventDate "2008.10.13"]
[EventType "team (blitz)"]
[EventRounds "11"]
[EventCountry "CHN"]
[SourceTitle "CBM 126 Extra"]
[Source "ChessBase"]
[SourceDate "2008.11.05"]
[SourceVersion "1"]
[SourceVersionDate "2008.11.05"]
[SourceQuality "1"]

1. e4 c5 2. d3 d5 3. exd5 Qxd5 4. Nc3 Qe5+ 5. Nge2 Bg4 6. f3 Bh5 7. Bf4 Qe6 8. Qd2 a6 9. 0-0-0 Nf6 10. g4 Bg6 11. h4 h5 12. g5 Nd5 13. Bh3 Qc6 14. Nxd5 Qxd5 15. Nc3 Qc6 16. Rhe1 Nd7 17. Ne4 e6 18. Qc3 Nb6 19. Be3 Nd5 20. Qe5 Nxe3 21. Rxe3 0-0-0 22. f4 Bxe4 23. Rxe4 Rg8 24. f5 Bd6 25. Qc3 Qxe4 26. dxe4 Bf4+ 27. Qd2 exf5 28. Bxf5+ Kc7 29. Bh3 g6 30. Bf1 b5 31. a4 bxa4 32. Bxa6 Rb8 33. b3 axb3 34. cxb3 Rb4 35. Bd3 Kd6 36. Bc2+ Ke5 37. Kb2 0-1

[Event "WMSG Blitz Team 1st (Women)"]
[Site "Beijing"]
[Date "2008.10.13"]
[Round "11"]
[White "Ziogaite, Jovita"]
[Black "Reizniece Ozola, Dana"]
[Result "1/2-1/2"]
[WhiteElo "2093"]
[BlackElo "2335"]
[PlyCount "127"]
[EventDate "2008.10.13"]
[EventType "team (blitz)"]
[EventRounds "11"]
[EventCountry "CHN"]
[SourceTitle "CBM 126 Extra"]
[Source "ChessBase"]
[SourceDate "2008.11.05"]
[SourceVersion "1"]
[SourceVersionDate "2008.11.05"]
[SourceQuality "1"]

1. e4 d6 2. d4 Nf6 3. Nc3 g6 4. g3 Bg7 5. Bg2 0-0 6. Nf3 c6 7. 0-0 Qc7 8. Bf4 Nbd7 9. Qd2 e5 10. dxe5 dxe5 11. Bh6 Nc5 12. Bxg7 Kxg7 13. Qe3 Ne6 14. Rad1 b6 15. Rd2 Ba6 16. Rfd1 Rad8 17. Rxd8 Rxd8 18. Rxd8 Nxd8 19. Qg5 Ne8 20. Qxe5+ Qxe5 21. Nxe5 Nd6 22. f4 f6 23. Nd3 Nc4 24. b3 Ne3 25. Nb4 Bb7 26. Kf2 Ng4+ 27. Ke2 a5 28. Nd3 Nxh2 29. Nf2 Bc8 30. Na4 b5 31. Nb6 Be6 32. a4 h5 33. axb5 cxb5 34. Nd5 a4 35. bxa4 bxa4 36. Nd3 Nc6 37. Nc5 Bxd5 38. exd5 Nd4+ 39. Kd3 Nf5 40. Nxa4 Nxg3 41. d6 Kf8 42. c4 Nf5 43. c5 Ke8 44. Bc6+ Kd8 45. Nb6 Ng4 46. Nd5 h4 47. Nc7 Ng7 48. Be4 f5 49. Bg2 Nf6 50. Nd5 Nd7 51. c6 Nc5+ 52. Kc4 Nce6 53. c7+ Nxc7 54. dxc7+ Kc8 55. Bf1 Ne6 56. Kc3 Nxc7 57. Nxc7 Kxc7 58. Kd4 Kd6 59. Bh3 Ke6 60. Kc5 Ke7 61. Kd5 Kf6 62. Kd6 g5 63. fxg5+ Kxg5 64. Ke5 1/2-1/2

[Event "LTU-ch sf (Women)"]
[Site "Vilnius"]
[Date "2008.01.29"]
[Round "3"]
[White "Ziogaite, Jovita"]
[Black "Sulikiene, Kristina"]
[Result "1-0"]
[WhiteElo "2060"]
[BlackElo "1985"]
[PlyCount "79"]
[EventDate "2008.01.28"]
[EventType "swiss"]
[EventRounds "7"]
[EventCountry "LTU"]
[SourceTitle "EXT 2010"]
[Source "ChessBase"]
[SourceDate "2010.11.25"]
[SourceVersion "1"]
[SourceVersionDate "2010.11.25"]
[SourceQuality "1"]

1. e4 e5 2. Nf3 Nf6 3. Bc4 Bc5 4. d3 d6 5. c3 0-0 6. Nbd2 Nc6 7. 0-0 d5 8. exd5 Nxd5 9. Ne4 Bb6 10. b4 a6 11. Qb3 Nf4 12. Neg5 Qd7 13. Bxf4 exf4 14. Nxf7 Rxf7 15. Ng5 Nd8 16. Rae1 g6 17. Re4 Kg7 18. Nxf7 Nxf7 19. Rfe1 a5 20. Re7 a4 21. Qd1 Qg4 22. Rxf7+ Kh6 23. Qd2 Bf5 24. Be6 Be3 25. fxe3 Bxe6 26. Rxf4 Qh5 27. e4 Kg7 28. d4 c6 29. Ref1 Rd8 30. Qf2 Qg5 31. Rf8 Qe7 32. Rxd8 Qxd8 33. e5 b5 34. a3 Bf5 35. h3 h5 36. Qf4 Qd7 37. g4 hxg4 38. hxg4 Be6 39. Qf8+ Kh7 40. Rf2 1-0

[Event "LTU-chT 0708"]
[Site "Lithuania"]
[Date "2007.12.08"]
[Round "4"]
[White "Ziogaite, Jovita"]
[Black "Tvarijonas, Povilas"]
[Result "0-1"]
[WhiteElo "2045"]
[BlackElo "2288"]
[PlyCount "168"]
[EventDate "2007.09.30"]
[EventType "team"]
[EventRounds "9"]
[EventCountry "LTU"]
[SourceTitle "EXT 2009"]
[Source "ChessBase"]
[SourceDate "2008.11.26"]
[SourceVersion "1"]
[SourceVersionDate "2008.11.26"]
[SourceQuality "1"]

1. e4 c5 2. Nf3 d6 3. d4 cxd4 4. Nxd4 Nf6 5. Nc3 g6 6. f4 Nc6 7. Nf3 Bg7 8. Bd3 0-0 9. 0-0 b5 10. a3 a5 11. Qe1 b4 12. axb4 Nxb4 13. Qh4 Ba6 14. Bxa6 Rxa6 15. Ne1 Qa8 16. f5 Rc8 17. Rf3 Rc4 18. Rh3 h5 19. fxg6 fxg6 20. Qg5 Kh7 21. Rg3 Qe8 22. Qh4 d5 23. Nf3 Nxe4 24. Nxe4 dxe4 25. Ng5+ Kh8 26. c3 Qd7 27. Be3 Nc2 28. Rf1 Nxe3 29. Rxe3 Rf6 30. Rfe1 Bh6 31. Qg3 Bxg5 32. Qxg5 Qf5 33. Qh4 Kg7 34. h3 Re6 35. b3 Rc7 36. Rxe4 Qc5+ 37. R1e3 g5 38. Qf2 Rxe4 39. Rxe4 Qxc3 40. Qf5 Qf6 41. Qxa5 Rc2 42. Qe5 Qxe5 43. Rxe5 Kf6 44. Rb5 Rb2 45. b4 e5 46. g4 hxg4 47. hxg4 Ke6 48. Kf1 Kd6 49. Kg1 Ke6 50. Kf1 Rh2 51. Rb6+ Kd5 52. Rg6 Ke4 53. Rxg5 Rb2 54. Rg8 Kf3 55. Ke1 e4 56. Re8 Ke3 57. Kf1 Rxb4 58. g5 Rb5 59. g6 Rf5+ 60. Ke1 Rg5 61. Kf1 Rxg6 62. Ra8 Kf3 63. Re8 Ra6 64. Ke1 Ke3 65. Kf1 Ra1+ 66. Kg2 Rd1 67. Re7 Rd4 68. Kf1 Ra4 69. Re8 Ra7 70. Kg2 Rf7 71. Ra8 Rf2+ 72. Kg1 Rd2 73. Re8 Kf3 74. Re7 Rd1+ 75. Kh2 e3 76. Rf7+ Ke2 77. Kg2 Rd6 78. Re7 Rg6+ 79. Kh2 Kf2 80. Rf7+ Ke1 81. Re7 e2 82. Re8 Rd6 83. Kg2 Kd2 84. Kf2 Rf6+ 0-1

[Event "Panevezys op 20th"]
[Site "Panevezys"]
[Date "2007.08.19"]
[Round "2"]
[White "Luch, Michal"]
[Black "Ziogaite, Jovita"]
[Result "1-0"]
[WhiteElo "2362"]
[BlackElo "2037"]
[PlyCount "107"]
[EventDate "2007.08.18"]
[EventType "swiss"]
[EventRounds "9"]
[EventCountry "LTU"]
[SourceTitle "CBM 119 Extra"]
[Source "ChessBase"]
[SourceDate "2007.09.04"]
[SourceVersion "1"]
[SourceVersionDate "2007.09.04"]
[SourceQuality "1"]

1. c4 Nf6 2. Nc3 g6 3. g3 Bg7 4. Bg2 0-0 5. d4 d6 6. Nf3 Nc6 7. 0-0 Bf5 8. d5 Na5 9. Nd4 Bd7 10. b3 c5 11. dxc6 bxc6 12. Qd3 Rb8 13. e4 Qc8 14. f3 Rd8 15. Nde2 Ne8 16. Bg5 f6 17. Be3 Qa6 18. Rad1 Be6 19. Rd2 Nc7 20. Rfd1 Bf7 21. f4 e6 22. Qc2 Nb7 23. Nc1 Bf8 24. Na4 Rbc8 25. Nd3 d5 26. e5 f5 27. Qc3 dxc4 28. Qxc4 Qxc4 29. bxc4 Na5 30. Ndb2 Rxd2 31. Bxd2 Nb7 32. Bxc6 Nc5 33. Be3 N7a6 34. Bb5 Nxa4 35. Nxa4 Nb4 36. Bxa7 Nxa2 37. Be3 Nb4 38. Nb6 Rc7 39. Rd8 Kg7 40. Na8 Rb7 41. Rxf8 Kxf8 42. Bc5+ Kg7 43. Bxb4 Ra7 44. Nb6 Ra1+ 45. Kf2 Rb1 46. Be7 h6 47. Nc8 g5 48. fxg5 hxg5 49. Bxg5 Bh5 50. Bf6+ Kf8 51. Bd7 Rb2+ 52. Ke3 Rxh2 53. Bxe6 Re2+ 54. Kf4 1-0

[Event "LTU-ch (Women)"]
[Site "Vilnius"]
[Date "2007.02.18"]
[Round "5"]
[White "Ziogaite, Jovita"]
[Black "Limontaite, Simona"]
[Result "0-1"]
[WhiteElo "2064"]
[BlackElo "2138"]
[PlyCount "100"]
[EventDate "2007.02.16"]
[EventType "swiss"]
[EventRounds "9"]
[EventCountry "LTU"]
[SourceTitle "EXT 2010"]
[Source "ChessBase"]
[SourceDate "2010.11.25"]
[SourceVersion "1"]
[SourceVersionDate "2010.11.25"]
[SourceQuality "1"]

1. e4 c5 2. g3 Nc6 3. Bg2 g6 4. d3 Bg7 5. c3 e6 6. f4 Nge7 7. Nf3 d6 8. 0-0 0-0 9. Be3 f5 10. Bf2 Rb8 11. exf5 gxf5 12. Re1 h6 13. d4 c4 14. Na3 b5 15. Qd2 Nd5 16. Nh4 Nce7 17. Nc2 Qd7 18. Qe2 Qc7 19. Rac1 a5 20. Na3 Nf6 21. h3 Bd7 22. Bf3 d5 23. Ng2 Ng6 24. Be3 b4 25. Nb1 Qd6 26. g4 a4 27. a3 bxa3 28. bxa3 Rb3 29. Qf2 Rfb8 30. Qg3 Be8 31. Kh2 Kh7 32. Rg1 R8b7 33. g5 Ne4 34. Bxe4 fxe4 35. Nh4 h5 36. Kh1 Nxh4 37. Qxh4 Bg6 38. Rcf1 Qd7 39. Qe1 Qe7 40. Qd2 Qf7 41. Rc1 Bf8 42. Qa2 Rb2 43. Qa1 Qf5 44. Rg3 h4 45. Rg4 Re2 46. Bd2 e3 47. Rxh4+ Kg7 48. Rg4 Qe4+ 49. Kg1 exd2 50. Nxd2 Qe3+ 0-1

[Event "LTU-ch (Women)"]
[Site "Vilnius"]
[Date "2007.02.16"]
[Round "1"]
[White "Ziogaite, Jovita"]
[Black "Balcaite, Agne"]
[Result "1-0"]
[WhiteElo "2064"]
[BlackElo "1800"]
[PlyCount "59"]
[EventDate "2007.02.16"]
[EventType "swiss"]
[EventRounds "9"]
[EventCountry "LTU"]
[SourceTitle "EXT 2010"]
[Source "ChessBase"]
[SourceDate "2010.11.25"]
[SourceVersion "1"]
[SourceVersionDate "2010.11.25"]
[SourceQuality "1"]

1. e4 c5 2. g3 g6 3. Bg2 Bg7 4. d3 Nc6 5. f4 e6 6. c3 d5 7. e5 d4 8. Nf3 Nge7 9. c4 0-0 10. 0-0 Rb8 11. Nbd2 b5 12. b3 Ba6 13. Ne4 Qb6 14. Ba3 b4 15. Bc1 Bb7 16. g4 Rbd8 17. Qe1 h6 18. Qh4 Kh8 19. f5 gxf5 20. Bxh6 Ng6 21. Bxg7+ Kxg7 22. Qf6+ Kg8 23. gxf5 exf5 24. Qxf5 Nce7 25. Nf6+ Kg7 26. Nh5+ Kh6 27. Qg5+ Kh7 28. Nf6+ Kg7 29. h4 Ng8 30. h5 1-0